UBT Library

Accounting : (Record no. 40833)

000 -LEADER
fixed length control field 00658pam a2200217 a 4500
001 - CONTROL NUMBER
control field 2088310
005 - DATE AND TIME OF LATEST TRANSACTION
control field 20180124040650.0
008 - FIXED-LENGTH DATA ELEMENTS--GENERAL INFORMATION
fixed length control field 950615s1996 ilua 001 0 eng
010 ## - LIBRARY OF CONGRESS CONTROL NUMBER
LC control number 95032359
020 ## - INTERNATIONAL STANDARD BOOK NUMBER
International Standard Book Number 0256166862
040 ## - CATALOGING SOURCE
Original cataloging agency DLC
Transcribing agency DLC
Modifying agency DLC
041 ## - LANGUAGE CODE
Language code of text/sound track or separate title eng
080 ## - UNIVERSAL DECIMAL CLASSIFICATION NUMBER
Universal Decimal Classification number 657.3 MAR
082 00 - DEWEY DECIMAL CLASSIFICATION NUMBER
Classification number 657.3 MAR
Edition number 20
100 1# - Rafti
Rafti 61
101 ## - Shkurtesa
Shkurtesa KF
245 10 - TITLE STATEMENT
Title Accounting :
Statement of responsibility, etc David H. Marshall, Wayne W. McManus.
906 ## - LOCAL DATA ELEMENT F, LDF (RLIN)
a 7
b cbc
c orignew
d 1
e ocip
f 19
g y-gencatlg
942 ## - ADDED ENTRY ELEMENTS (KOHA)
Source of classification or shelving scheme
Item type Books
Holdings
Withdrawn status Lost status Source of classification or shelving scheme Damaged status Not for loan Collection code Permanent location Current location Shelving location Date acquired Total Checkouts Full call number Barcode Date last seen Price effective from Koha item type
          Koleksioni i përgjithshem UBT - Lipjan UBT - Lipjan Koleksioni i përgjithshem 01/24/2018   657.3 MAR 002-2996349 01/24/2018 01/24/2018 Books
UBT Library © 2015-2024. All rights reserved University Education for Business and Technology